Personnages Disney/Pixar en images - T - Statistiques

Statistiques générales
  • Ce quiz a été pris 520 fois
  • Le résultat moyen est 10 sur 20
Statistiques - réponses
Par images Réponse % Correct
Tarzan
100%
Tigrou
98%
Tristesse
96%
Timon
92%
Tiana
90%
Timide
77%
Tac
76%
Toulouse
60%
Taram
47%
Te Fiti
46%
Tamatoa
40%
Timothée
31%
Tilt
28%
Tantor
27%
Thomas
23%
Tadashi Hamada
15%
Tito
12%
Tyler
7%
Taffyta Crème Brulée
6%
Tong
3%
Aucun quiz correspondant
Distribution des résultats
% des personnes avec chaque résultat
Percentile par nombre de réponses
Votre historique - résultats
Vous n’avez pas pris ce quiz